Missing Word: December Days Quiz Stats

Quiz Updated Dec 4, 2015

Challenge
Share
Tweet
Embed
Score 0/31 Timer 05:00
1 Play Today
Holiday Word % Correct
National _____ Syrup DayMaple
91.1%
Rosa _____ DayParks
90.9%
_____ EveChristmas
90.9%
Dewey _____ System DayDecimal
87%
Crossword _____ DayPuzzle
85.5%
_____ Tock DayTick
83.1%
National Apple ___ DayPie
82.1%
Bill of _____ DayRights
80.8%
Gingerbread _____ DayHouse
70.3%
Pledge of _____ DayAllegiance
69.8%
International Day for the Abolition of _____ DaySlavery
66.7%
National Microwave _____ DayOven
66.2%
National Bicarbonate of _____ DaySoda
64.8%
Make Up Your _____ DayMind
62.2%
National Noodle Ring _____Day
61.6%
National _____ Pie DayPumpkin
58.7%
Holiday Word % Correct
Answer the Telephone Like _____ the Elf DayBuddy
56.8%
The _____'s Birthday (Japan)Emperor
56.5%
National _____-Covered Anything DayChocolate
53.5%
_____ the Zoo DayVisit
50%
Pretend to Be a Time _____ DayTraveler
49.7%
International _____-Corruption DayAnti
49.4%
Faux _____ FridayFur
47.7%
National Cotton _____ DayCandy
45.3%
National Thank-You _____ DayNote
36.6%
National _____ Shrimp DayFried
30.2%
National Sacher _____ DayTorte
22.7%
National _____ Candy DayHard
22%
National Haiku _____ DayPoetry
21.2%
Worldwide _____ Lighting DayCandle
19.9%
Last Day of _____Hanukkah
12.4%

Today's Daily Dose

Word Ladder
KISS Hit

On This Day
January 22nd

You're not logged in!

Compare scores with friends on all Sporcle quizzes.
Sign Up with Email
OR
Log In

You Might Also Like...

Show Comments

Extras

Top Quizzes Today


Score Distribution

Your Account Isn't Verified!

In order to create a playlist on Sporcle, you need to verify the email address you used during registration. Go to your Sporcle Settings to finish the process.